[Event "Let's Play Chess!"]
[Site "http://www.queenalice.com/game.php?id=1465449"]
[Date "2017.2.19"]
[Round "-"]
[White "masam2014"]
[Black "fortunato"]
[Result "0-1"]
[WhiteElo "1429"]
[BlackElo "2250"]

1. d4 d5 2. c4 e6 3. e3 Nf6 4. Nf3 Be7 5. Nc3 Nc6 6. Be2 O-O 7. O-O dxc4 8. Bxc4
a6 9. Be2 b5 10. a3 Bb7 11. b4 h6 0-1

[Event "Challenge"]
[Site "http://www.queenalice.com/game.php?id=1467087"]
[Date "2017.3.2"]
[Round "-"]
[White "ulisses34"]
[Black "fortunato"]
[Result "0-1"]
[WhiteElo "1741"]
[BlackElo "2247"]

1. e4 e5 2. Nf3 Nf6 3. Nc3 Nc6 4. d3 Be7 5. Be2 O-O 6. d4 exd4 7. Nxd4 Bb4 8.
Bf3 Re8 9. O-O Bxc3 10. Nxc6 bxc6 11. bxc3 Nxe4 12. Bxe4 Rxe4 13. Qf3 d5 14. Be3
Bg4 15. Qg3 h5 16. f3 Rxe3 17. Qf2 Qe7 18. fxg4 hxg4 19. Qd2 Qc5 20. Rf2 Rae8
21. Raf1 Rxc3 22. Qf4 f6 23. Qf5 Re5 24. Qxg4 Rxc2 25. Qc8+ Kf7 26. Qd7+ Re7 27.
Qf5 Rxa2 28. Qb1 Rxf2 29. Rxf2 Re2 30. Qf1 Rxf2 0-1

[Event "Let's Play Chess!"]
[Site "http://www.queenalice.com/game.php?id=1471275"]
[Date "2017.4.1"]
[Round "-"]
[White "exocytosis"]
[Black "fortunato"]
[Result "0-1"]
[WhiteElo "2033"]
[BlackElo "2251"]

1. e4 e5 2. Nf3 Nf6 3. Nc3 Nc6 4. Bb5 Bd6 5. O-O O-O 6. Re1 a6 7. Bxc6 dxc6 8.
d3 Be6 9. h3 h6 10. b3 Nd7 11. Re2 Qf6 12. Bb2 Bxh3 13. gxh3 Qxf3 14. Re3 Qf4
15. Ne2 Qh4 16. Rg3 f5 17. Qf1 f4 18. Rg4 Qh5 19. Kh2 Nf6 20. Rg1 f3 21. Nc3 Qh4
22. Re1 h5 23. Bc1 Ng4+ 24. Kh1 Nxf2+ 25. Kh2 Ng4+ 26. Kh1 f2 0-1

[Event "Let's Play Chess!"]
[Site "http://www.queenalice.com/game.php?id=1471745"]
[Date "2017.4.3"]
[Round "-"]
[White "fortunato"]
[Black "josebaron"]
[Result "1-0"]
[WhiteElo "2256"]
[BlackElo "2053"]

1. e4 e5 2. Nf3 Nc6 3. Bc4 Be7 4. d4 exd4 5. O-O d6 6. Nxd4 Nf6 7. Nxc6 bxc6 8.
e5 dxe5 9. Qxd8+ Bxd8 10. Re1 e4 11. Nc3 O-O 12. Nxe4 Nxe4 13. Rxe4 Bf6 14. c3
a5 15. Bf4 Bb7 16. Bxc7 c5 17. Re3 Rfc8 18. Bd6 Ba6 19. Bxa6 Rxa6 20. Rae1 h6
21. Re8+ Rxe8 22. Rxe8+ Kh7 23. Bxc5 a4 24. f4 Rc6 25. Bb4 Rc4 26. g3 Kg6 27.
Ra8 Rxb4 28. cxb4 Bxb2 29. Rxa4 f6 30. b5 h5 31. b6 1-0

[Event "Let's Play Chess!"]
[Site "http://www.queenalice.com/game.php?id=1474465"]
[Date "2017.4.21"]
[Round "-"]
[White "fortunato"]
[Black "chessplayer123"]
[Result "1-0"]
[WhiteElo "2262"]
[BlackElo "1730"]

1. e4 c6 2. Nf3 d6 3. d4 Bg4 4. Be2 e5 5. dxe5 Bxf3 6. Bxf3 dxe5 7. Qxd8+ Kxd8
8. O-O Nf6 9. Rd1+ Ke8 10. Nd2 Nbd7 11. Nc4 Bc5 12. b3 Bd4 13. Nd6+ Ke7 14. Nf5+
Kf8 15. Nxd4 g6 16. Bh6+ Ke8 17. Ne2 Nc5 18. Bg7 1-0

[Event "Let's Play Chess!"]
[Site "http://www.queenalice.com/game.php?id=1474692"]
[Date "2017.4.22"]
[Round "-"]
[White "amaisi"]
[Black "fortunato"]
[Result "1-0"]
[WhiteElo "2239"]
[BlackElo "2279"]

1. d4 d5 2. Bg5 Nf6 3. Bxf6 exf6 4. e3 Bd6 5. c4 O-O 6. cxd5 Bb4+ 7. Nd2 Qxd5 8.
a3 Bd6 9. Ngf3 Nc6 10. Bc4 Qf5 11. O-O Bd7 12. Nh4 Qg5 13. Ndf3 Qh5 14. g3 Bg4
15. Be2 Rfe8 16. Kg2 Qd5 17. h3 Bd7 18. Qc2 g6 19. Bc4 Qh5 20. Rh1 b5 21. Ba2 a5
22. e4 Qh6 23. Rad1 Rad8 24. d5 Na7 25. Nd4 a4 26. Nhf3 Ra8 27. b4 g5 28. Rde1
Rad8 29. Nf5 Bxf5 30. exf5 Qf8 31. Qc3 Qg7 32. g4 Rf8 33. Nd2 Rc8 34. Qe3 Ra8
35. h4 Bf4 36. Qc3 gxh4 37. Rxh4 Rae8 38. Reh1 Re2 39. Qh3 h6 40. Qf3 Bg5 41.
Qxe2 Bxh4 42. Rxh4 Rc8 43. Ne4 Rd8 44. Qe3 Qg5 45. Nxf6+ Qxf6 46. Rxh6 Qg7 47.
g5 Nc8 48. f6 1-0

[Event "Let's Play Chess!"]
[Site "http://www.queenalice.com/game.php?id=1476277"]
[Date "2017.5.2"]
[Round "-"]
[White "fortunato"]
[Black "ulisses34"]
[Result "1-0"]
[WhiteElo "2263"]
[BlackElo "1685"]

1. e4 e5 2. Nf3 d6 3. d4 Bd7 4. dxe5 Nc6 5. Bc4 Be7 6. exd6 cxd6 7. O-O Ne5 8.
Nxe5 dxe5 9. Qh5 Nh6 10. Bxh6 O-O 11. Be3 Qc8 12. Nd2 Bg4 13. Qxe5 Bf6 14. Qg3
Bxb2 15. Rab1 Bc3 16. Bd5 Rb8 17. Bxa7 Be2 18. Bxb8 Bxd2 19. Rxb7 Bxf1 20. Bd6
Ba6 21. Bxf8 Qxb7 22. Qxg7# 1-0

[Event "Challenge"]
[Site "http://www.queenalice.com/game.php?id=1478626"]
[Date "2017.5.18"]
[Round "-"]
[White "bobjgirl"]
[Black "fortunato"]
[Result "0-1"]
[WhiteElo "2376"]
[BlackElo "2264"]

1. Nf3 Nf6 2. c4 Nc6 3. Nc3 e5 4. d3 d5 5. cxd5 Nxd5 6. g3 Bb4 7. Bd2 O-O 8. Bg2
Nxc3 9. bxc3 Bc5 10. O-O h6 11. Qb3 Qd6 12. Rfd1 Rd8 13. Be1 Bb6 14. Nd2 Na5 15.
Qc2 Qg6 16. c4 Nc6 17. Nb3 Nd4 18. Nxd4 Bxd4 19. Rab1 Rb8 20. a4 Qf6 21. e3 Bc5
22. Bc3 Bg4 23. Rd2 b6 24. Qb2 Re8 25. a5 Bf5 26. axb6 Rxb6 27. Qa1 Ra6 28. Qb2
Rb6 29. Qc1 c6 30. Rxb6 axb6 31. d4 exd4 32. exd4 Ba3 33. Qa1 Qe6 34. Rd1 Bf8
35. d5 cxd5 36. cxd5 Qg6 37. Qa4 Rc8 38. Qa1 b5 39. Qb2 b4 40. Bxb4 Rb8 41. d6
Bxd6 42. Rd4 Qf6 43. Qd2 Bxb4 44. Qf4 Bd6 0-1

[Event "Challenge"]
[Site "http://www.queenalice.com/game.php?id=1478627"]
[Date "2017.5.18"]
[Round "-"]
[White "fortunato"]
[Black "bobjgirl"]
[Result "1/2-1/2"]
[WhiteElo "2266"]
[BlackElo "2337"]

1. e4 e5 2. Nf3 Nc6 3. Bc4 Nf6 4. O-O Bc5 5. d4 exd4 6. e5 d5 7. exf6 dxc4 8.
fxg7 Rg8 9. Re1+ Be6 10. Bg5 Be7 11. Bxe7 Kxe7 12. Re4 d3 13. Nbd2 Qd5 14. Rxc4
Rxg7 15. cxd3 Ne5 16. Rxc7+ Kf8 17. d4 Nxf3+ 18. Nxf3 Bg4 19. Kf1 Re8 20. Qb3
Bxf3 21. Qxf3 Qb5+ 22. Kg1 Qxb2 23. Rd1 Qxd4 24. g3 Qa4 25. a3 Qe4 26. Qxe4 Rxe4
27. Rxb7 Rg6 28. Rxa7 Re2 29. Rdd7 Rf6 30. f4 Ra2 31. a4 Kg7 32. a5 Kg6 33. h4
Rc6 34. Rac7 Re6 35. Kf1 Ree2 36. Rd6+ Kh5 37. Rd5+ Kg4 38. Rc3 Rf2+ 39. Kg1
Rg2+ 40. Kh1 Rge2 41. Rd1 Rh2+ 42. Kg1 Rag2+ 43. Kf1 Ra2 44. Kg1 Kh3 45. g4+
Kxg4 46. Rc7 f5 47. Rg7+ Kxf4 48. a6 Ke5 49. Rxh7 Rag2+ 50. Kf1 f4 51. a7 f3 52.
Rd5+ Kf6 53. Rd6+ Ke5 1/2-1/2

[Event "Challenge"]
[Site "http://www.queenalice.com/game.php?id=1486108"]
[Date "2017.7.14"]
[Round "-"]
[White "tucuman"]
[Black "fortunato"]
[Result "0-1"]
[WhiteElo "1806"]
[BlackElo "2269"]

1. e4 e5 2. Nf3 Nf6 3. d3 d5 4. exd5 Nxd5 5. Nxe5 Be7 6. d4 O-O 7. a3 c5 8. c3
cxd4 9. cxd4 Qa5+ 10. Nc3 Nxc3 11. Bd2 Nxd1 12. Bxa5 Nxb2 13. Be2 f6 14. Kf1
fxe5 15. dxe5 Bc5 16. Bc3 Rxf2+ 17. Ke1 Na4 18. Bd2 Nc6 19. Bf3 Nxe5 20. Rd1
Nd3# 0-1

[Event "Challenge"]
[Site "http://www.queenalice.com/game.php?id=1486109"]
[Date "2017.7.14"]
[Round "-"]
[White "fortunato"]
[Black "tucuman"]
[Result "1-0"]
[WhiteElo "2268"]
[BlackElo "1808"]

1. e4 e5 2. d4 exd4 3. Nf3 Nc6 4. Nxd4 Nxd4 5. Qxd4 d6 6. Nc3 Bd7 7. Bf4 Nf6 8.
O-O-O Be7 9. e5 dxe5 10. Bxe5 O-O 11. Bxf6 Bxf6 12. Qxd7 Qb8 13. Ne4 Be5 14. Bc4
a6 15. Qf5 Qe8 16. Rhe1 Bf6 17. Nxf6+ gxf6 18. Bd3 Qc6 19. Qxh7# 1-0

[Event "Let's Play Chess!"]
[Site "http://www.queenalice.com/game.php?id=1488807"]
[Date "2017.8.4"]
[Round "-"]
[White "fortunato"]
[Black "Chphil"]
[Result "0-1"]
[WhiteElo "2270"]
[BlackElo "1837"]

1. e4 c5 2. Nf3 d6 3. Bc4 e6 4. Nc3 Nf6 5. O-O a6 6. d4 cxd4 7. Nxd4 Be7 8. Qf3
O-O 9. Be3 e5 10. Nf5 Bxf5 11. Qxf5 Nbd7 12. Bd5 Rb8 13. f4 Rc8 14. Bxb7 Rb8 15.
Bxa6 Rxb2 16. Bd3 g6 17. Qh3 Qa5 18. Bd2 exf4 19. Kh1 Ne5 20. Nd1 Qxd2 21. Nxb2
Nfg4 22. Nd1 Bf6 23. Rb1 Bg5 24. a4 h5 25. Rb6 Rd8 26. Rb1 d5 27. exd5 Rxd5 28.
Be4 Rc5 29. Rb8+ Kg7 30. Rb5 Rc4 31. Rd5 Qc1 32. Bd3 Rxa4 33. Kg1 Qd2 34. Bc4
Qb4 35. Be2 Ra3 36. c3 Qb6+ 37. Kh1 Ra2 38. Bf3 Qa6 39. Kg1 Be7 40. Re1 Qa7+ 41.
Kh1 f6 42. Re4 Ra1 43. Bxg4 Nxg4 0-1

[Event "Let's Play Chess!"]
[Site "http://www.queenalice.com/game.php?id=1488808"]
[Date "2017.8.4"]
[Round "-"]
[White "Chphil"]
[Black "fortunato"]
[Result "1-0"]
[WhiteElo "1837"]
[BlackElo "2270"]

1. e4 e5 2. Nf3 Nf6 3. Nxe5 Qe7 4. d4 d6 5. Nf3 Nxe4 6. Be2 Bg4 7. O-O Nd7 8. h3
Bf5 9. Nc3 O-O-O 10. Nd5 Qe8 11. Bd3 c6 12. Bxe4 Bxe4 13. Ne3 Kb8 14. d5 Ne5 15.
Nd4 c5 16. Ne2 g5 17. Ng3 Bg6 18. Ngf5 Qd7 19. f4 gxf4 20. Rxf4 Rg8 21. Qf1 f6
22. Qf2 Bxf5 23. Rxf5 Bh6 24. Ng4 Nxg4 25. hxg4 Bxc1 26. Rxc1 Rxg4 27. Rxf6 Qg7
28. Rf1 Qg8 29. Qe2 Rg7 30. c4 h5 31. R1f2 h4 32. Kh2 Rh7 33. R2f4 h3 34. g4 a5
35. b3 Ka7 36. Qd2 b6 37. g5 Ka6 38. g6 Rh5 39. Rf3 Qh8 40. Rf7 Rg8 41. Rg3 Qe5
42. Qe3 Qb2+ 43. Rf2 Qg7 44. Qe6 1-0

[Event "Let's Play Chess!"]
[Site "http://www.queenalice.com/game.php?id=1511640"]
[Date "2018.1.13"]
[Round "-"]
[White "fortunato"]
[Black "igorjava"]
[Result "1-0"]
[WhiteElo "2270"]
[BlackElo "2014"]

1. e4 c5 2. Nf3 d6 3. Bc4 Bg4 4. Bxf7+ Kxf7 5. Ng5+ Ke8 6. Qxg4 Nh6 7. Qg3 e5 8.
Nxh7 Nf7 9. Nxf8 Kxf8 10. d3 Nd7 11. Nc3 Nf6 12. Be3 Qe7 13. O-O-O Nh6 14. f4
Ke8 15. fxe5 dxe5 16. Rdf1 b6 17. Bg5 Kd7 18. Nd5 Qe6 19. Bxf6 gxf6 20. Rxf6 Qe8
21. Qh3+ Kd8 22. Rd6+ 1-0

[Event "Let's Play Chess!"]
[Site "http://www.queenalice.com/game.php?id=1514754"]
[Date "2018.2.5"]
[Round "-"]
[White "igorjava"]
[Black "fortunato"]
[Result "0-1"]
[WhiteElo "2048"]
[BlackElo "2274"]

1. e4 e5 2. f4 exf4 3. Nf3 g5 4. h3 d6 5. d4 Bg7 6. Bc4 Nc6 7. O-O h5 8. Nh2
Bxd4+ 9. Kh1 Be6 10. Bb5 Bg7 11. Bxc6+ bxc6 12. c3 g4 13. Bxf4 gxh3 14. Rg1
hxg2+ 15. Rxg2 Bf6 16. Nd2 Ne7 17. Nb3 Ng6 18. Qd2 Bh3 19. Re2 Qe7 20. e5 dxe5
21. Be3 Be6 22. Bc5 Qd7 23. Qc2 Bd5+ 24. Kg1 Nf4 25. Rd2 Rg8+ 26. Kf1 Bh4 27.
Rd3 Bg2+ 0-1

[Event "OS INCLIVES"]
[Site "http://www.queenalice.com/game.php?id=1518280"]
[Date "2018.3.4"]
[Round "-"]
[White "adelio"]
[Black "fortunato"]
[Result "0-1"]
[WhiteElo "1575"]
[BlackElo "2279"]

1. d4 d5 2. e4 dxe4 3. Nc3 Nf6 4. f3 e6 5. Nxe4 Nxe4 6. fxe4 Qh4+ 7. Ke2 Qxe4+
8. Be3 Nc6 9. c3 e5 10. Nf3 exd4 11. Nxd4 Bg4+ 12. Nf3 Bc5 13. Qc1 O-O-O 14. h3
Rhe8 15. hxg4 Bxe3 16. Qb1 Bc5+ 17. Qxe4 Rxe4# 0-1

[Event "Challenge"]
[Site "http://www.queenalice.com/game.php?id=1519243"]
[Date "2018.3.11"]
[Round "-"]
[White "Jerzy"]
[Black "fortunato"]
[Result "0-1"]
[WhiteElo "2264"]
[BlackElo "2292"]

1. d4 d5 2. Nf3 e6 3. c4 dxc4 4. e3 b5 5. a4 c6 6. axb5 cxb5 7. b3 Bb4+ 8. Bd2
Bxd2+ 9. Nfxd2 Ne7 10. bxc4 b4 11. Qf3 Nbc6 12. Bd3 a5 13. Qd1 O-O 14. Nf3 f5
15. Nbd2 e5 16. d5 e4 17. Nxe4 fxe4 18. Bxe4 Bf5 19. Bxf5 Rxf5 20. dxc6 Qxd1+
21. Kxd1 Nxc6 22. Ra4 Rc5 23. Nd2 Ne5 24. Ke2 Nxc4 25. Nxc4 Rxc4 26. f4 Rc2+ 27.
Kf3 b3 0-1

[Event "Challenge"]
[Site "http://www.queenalice.com/game.php?id=1519244"]
[Date "2018.3.11"]
[Round "-"]
[White "fortunato"]
[Black "Jerzy"]
[Result "1-0"]
[WhiteElo "2280"]
[BlackElo "2276"]

1. e4 e5 2. Nf3 Nc6 3. Bc4 Nd4 4. Nxd4 exd4 5. O-O d6 6. c3 dxc3 7. dxc3 c6 8.
Bf4 Be6 9. Nd2 Qd7 10. Bxe6 Qxe6 11. Re1 Be7 12. Nb3 g6 13. e5 d5 14. Nd4 Qc8
15. e6 f6 16. Qf3 h5 17. Qd3 f5 18. Qg3 Nf6 19. Qxg6+ Kd8 20. Nxf5 Rf8 21. Qg7
1-0

[Event "Let's Play Chess!"]
[Site "http://www.queenalice.com/game.php?id=1522408"]
[Date "2018.4.5"]
[Round "-"]
[White "igorjava"]
[Black "fortunato"]
[Result "0-1"]
[WhiteElo "1937"]
[BlackElo "2304"]

1. e4 Nc6 2. d4 d5 3. e5 Bf5 4. a3 Qd7 5. Bb5 e6 6. Ne2 a6 7. Bxc6 Qxc6 8. Nbc3
O-O-O 9. Ng3 Bg6 10. Bd2 f6 11. Bf4 h5 12. Qd2 h4 13. Nge2 h3 14. gxh3 Rxh3 15.
O-O-O Kb8 16. Bg3 Bf5 17. Nf4 Rh6 18. Ng2 Bg4 19. Rdf1 Be7 20. f3 Bh3 21. Rf2 g5
22. Ne3 f5 23. Ng2 f4 24. Nxf4 gxf4 25. Bxf4 Rg6 26. Bg3 Nh6 27. Ne2 Rh8 28. Nf4
Bg5 29. Qd1 Rf6 30. exf6 Qd6 31. Qd2 Qf8 32. Kb1 Qxf6 33. Nh5 Bxd2 34. Nxf6 Be3
35. Re2 Bxd4 36. Nh5 Nf5 37. Nf4 Ng7 38. Nxh3 Rxh3 39. c3 Bf6 40. Kc2 Kc8 41. f4
c5 42. Rd1 Kd7 43. Rd3 Nf5 44. Be1 Rxd3 45. Kxd3 c4+ 46. Kc2 d4 47. Rg2 Ne3+ 48.
Kd2 Nxg2 49. cxd4 Nxe1 50. Kxe1 Bxd4 51. b4 Kd6 52. Ke2 Kd5 53. Kf3 c3 0-1

[Event "Let's Play Chess!"]
[Site "http://www.queenalice.com/game.php?id=1522409"]
[Date "2018.4.5"]
[Round "-"]
[White "ulisses34"]
[Black "fortunato"]
[Result "0-1"]
[WhiteElo "1692"]
[BlackElo "2303"]

1. e4 Nc6 2. Nf3 e5 3. d3 Nf6 4. Be2 Be7 5. Nc3 O-O 6. Bd2 d5 7. exd5 Nxd5 8.
O-O Bf5 9. Ne4 Nf4 10. Ng3 Bg4 11. Bxf4 exf4 12. Ne4 Re8 13. Nfd2 Bxe2 14. Qxe2
f5 15. Nc3 Ba3 16. Qf3 Bxb2 17. Qd5+ Kh8 18. Qxd8 Raxd8 19. Nb5 Bxa1 20. Rxa1
Nb4 21. Na3 Nxc2 22. Nxc2 Re2 0-1

[Event "Let's Play Chess!"]
[Site "http://www.queenalice.com/game.php?id=1524050"]
[Date "2018.4.18"]
[Round "-"]
[White "fortunato"]
[Black "ulisses34"]
[Result "1-0"]
[WhiteElo "2304"]
[BlackElo "1670"]

1. e4 e5 2. Nf3 d6 3. d4 c6 4. dxe5 dxe5 5. Qxd8+ Kxd8 6. Nxe5 Be6 7. Bc4 Bxc4
8. Nxc4 Bc5 9. Nc3 Nd7 10. Bf4 Ke7 11. O-O-O Ngf6 12. e5 Nh5 13. Bg5+ f6 14.
exf6+ Ndxf6 15. Rhe1+ Kf8 16. Ne5 Re8 17. g4 Bxf2 18. Re2 Bb6 19. gxh5 Bc7 20.
Nd7+ Nxd7 21. Rxd7 Rc8 22. h6 gxh6 23. Bxh6+ 1-0

[Event "Let's Play Chess!"]
[Site "http://www.queenalice.com/game.php?id=1525569"]
[Date "2018.5.1"]
[Round "-"]
[White "igorjava"]
[Black "fortunato"]
[Result "1-0"]
[WhiteElo "1990"]
[BlackElo "2326"]

1. e4 Nc6 2. d4 d5 3. e5 Nh6 4. Bb5 Bd7 5. Bxc6 Bxc6 6. Bxh6 gxh6 7. Nf3 Qd7 8.
Nc3 O-O-O 9. Qd3 Rg8 10. g3 f5 11. O-O-O e6 12. Nd2 Kb8 13. Kb1 Be7 14. h4 h5
15. Qe3 Qe8 16. Ne2 Bb5 17. Nf4 Qf7 18. Nd3 Rde8 19. Nf4 a6 20. Rc1 Rc8 21. c4
dxc4 22. Nxc4 Bxc4 23. Rxc4 Rgd8 24. Rd1 c6 25. Qe2 Bf8 26. Qxh5 Qxh5 27. Nxh5
b5 28. Rc2 c5 29. Rcd2 Kb7 30. dxc5 Rxd2 31. Rxd2 Bxc5 32. Nf6 Kc7 33. Rd7+ Kc6
34. Rxh7 Bxf2 35. g4 1-0

[Event "Challenge"]
[Site "http://www.queenalice.com/game.php?id=1525999"]
[Date "2018.5.4"]
[Round "-"]
[White "Jerzy"]
[Black "fortunato"]
[Result "0-1"]
[WhiteElo "2276"]
[BlackElo "2305"]

1. d4 d5 2. Nf3 e6 3. e3 Nf6 4. c4 Nc6 5. Nc3 Be7 6. Bd3 O-O 7. a3 dxc4 8. Bxc4
Nd5 9. Bd2 Nb6 10. Bd3 e5 11. Qc2 exd4 12. exd4 Bg4 13. Bxh7+ Kh8 14. Ne2 f5 15.
Bg6 Rf6 16. Nf4 Bd6 17. Bxf5 Bxf5 18. Qc3 Qe7+ 19. Qe3 Bxf4 20. Qxe7 Bxd2+ 0-1

[Event "Challenge"]
[Site "http://www.queenalice.com/game.php?id=1526000"]
[Date "2018.5.4"]
[Round "-"]
[White "fortunato"]
[Black "Jerzy"]
[Result "1-0"]
[WhiteElo "2316"]
[BlackElo "2265"]

1. e4 c5 2. Nf3 d6 3. d3 Nf6 4. Be2 e5 5. O-O Be7 6. Nc3 O-O 7. Be3 a6 8. Nd2
Be6 9. f4 exf4 10. Bxf4 Nbd7 11. Nc4 Bxc4 12. dxc4 Ne5 13. Qe1 Kh8 14. Rd1 Nfd7
15. Qg3 Rc8 16. Nd5 Rc6 17. c3 Qe8 18. b4 f6 19. b5 Rc8 20. Qh3 Bd8 21. Bxe5
dxe5 22. Bg4 Rf7 23. Be6 Rb8 24. Nc7 1-0